[Event "Maestro Open"]
[Site "Berdsk RUS"]
[Date "2008.07.08"]
[Round "1"]
[White "Kazachansky,S"]
[Black "Pavlov,O"]
[Result "0-1"]
[WhiteElo "1972"]
[BlackElo "2307"]

1.Nf3 Nf6 2.d4 e6 3.c4 b6 4.g3 Ba6 5.Qa4 c5 6.Bg2 Bb7 7.O-O Be7 8.Nc3 cxd4
9.Nxd4 Bxg2 10.Kxg2 O-O 11.Rd1 Qc8 12.f3 a6 13.e4 Qb7 14.Be3 d6 15.Rac1 Rc8
16.Qb3 Nbd7 17.Na4 Rab8 18.Ne2 b5 19.cxb5 axb5 20.Rxc8+ Rxc8 21.Nd4 Rb8 22.Nc3 b4
23.Nce2 Qa6 24.Rd2 Nc5 25.Qd1 Qb7 26.Kg1 Ra8 27.Nb3 Ncd7 28.Nbc1 Ne5 29.Kf2 Nxf3
30.Kxf3 Qxe4+ 31.Kf2 Ng4+ 32.Ke1 Nxe3 33.Qb3 Qh1+  0-1

[Event "Maestro Open"]
[Site "Berdsk RUS"]
[Date "2008.07.09"]
[Round "2"]
[White "Pavlov,O"]
[Black "Loginov,Vladis"]
[Result "1-0"]
[WhiteElo "2307"]
[BlackElo "2106"]

1.d4 Nf6 2.Nf3 e6 3.c4 b6 4.g3 Ba6 5.b3 Bb4+ 6.Bd2 Be7 7.Bg2 c6 8.Bc3 d5
9.Ne5 Nfd7 10.Nxd7 Nxd7 11.Nd2 O-O 12.O-O Rc8 13.e4 c5 14.exd5 exd5 15.dxc5 dxc4
16.c6 cxb3 17.Re1 b2 18.Bxb2 Nc5 19.Qg4 Bf6 20.Bxf6 Qxf6 21.Ne4 Nxe4 22.Bxe4 Rc7
23.Rad1 Bc8 24.Qe2 g6 25.Bg2 Be6 26.h4 h5 27.Rd6 Qc3 28.Qd2 Qxd2 29.Rxd2 Rfc8
30.Re5 Kf8 31.a4 Bb3 32.Rd4 Re8 33.f4 Rxe5 34.fxe5 Ke7 35.Kf2 Be6 36.Ke3 Rc8
37.Rb4 Kd8 38.a5 bxa5 39.Rb5 Bc4 40.Rxa5 a6 41.Kd4 Bb5 42.Kc5 Kc7  1-0

[Event "ch-NOR Elite"]
[Site "Tonsberg NOR"]
[Date "2008.07.10"]
[Round "6"]
[White "Stokke,K"]
[Black "Urkedal,F"]
[Result "1/2-1/2"]
[WhiteElo "2375"]
[BlackElo "2254"]

1.d4 Nf6 2.Nf3 e6 3.c4 b6 4.g3 Ba6 5.b3 Bb4+ 6.Bd2 Be7 7.Bg2 c6 8.Bc3 d5
9.Ne5 Nfd7 10.Nxd7 Nxd7 11.Nd2 O-O 12.O-O Rc8 13.e4 c5 14.exd5 exd5 15.dxc5 dxc4
16.c6 cxb3 17.Re1 Bb5 18.axb3 Bxc6 19.Bxc6 Rxc6 20.Rxa7 Rxc3 21.Nb1 Rc7 22.Rxc7 Qxc7
23.Rxe7 Rd8 24.Qd5 Qc1+ 25.Kg2 Rf8 26.Rxd7 Qxb1 27.Rd6 g6 28.Rxb6 Qb2 29.b4 Kg7
30.b5 h5 31.h4 Re8 32.Rb7 Qf6 33.Qc5 Re2 34.Rb8 Kh7 35.b6 Rb2 36.b7 Rb3 37.Qd5 Rb2
38.Qc5 Rb3 39.Qd5 Rb2 40.Qf3 Qxf3+ 41.Kxf3 Kg7 42.Ke4 Kf6 43.f3 Kg7 44.g4 hxg4
45.fxg4 f5+ 46.gxf5 gxf5+ 47.Kxf5 Rb1 48.Ke6 Re1+ 49.Kd5 Rd1+ 50.Kc4 Rb1
51.Kc3 Kh7 52.Kc2 Rb6 53.Kd3 Rb1 54.Ke4  1/2-1/2

[Event "Maestro Open"]
[Site "Berdsk RUS"]
[Date "2008.07.11"]
[Round "4"]
[White "Degterev,A"]
[Black "Volontinas,I"]
[Result "1/2-1/2"]
[WhiteElo "2333"]
[BlackElo "2164"]

1.d4 Nf6 2.Nf3 e6 3.c4 b6 4.g3 Ba6 5.b3 Bb4+ 6.Bd2 Be7 7.Bg2 Bb7 8.O-O O-O
9.Nc3 d5 10.cxd5 exd5 11.Bf4 Re8 12.Rc1 Na6 13.Ne5 c6 14.Nd3 Nb4 15.Nxb4 Bxb4
16.Bg5 h6 17.Bxf6 Qxf6 18.e3 Bc8 19.Qh5 Be6 20.Rfd1 Rad8 21.Ne2 Bf5 22.Nf4 g6
23.Qe2 Ba3 24.Rc3 Bb4 25.Rcc1 Ba3 26.Rc3 Bb4 27.Rcc1 Ba3 28.Rc3  1/2-1/2

[Event "Inautomarket Open"]
[Site "Minsk BLR"]
[Date "2008.07.11"]
[Round "2"]
[White "Tunik,G"]
[Black "Azarova,N"]
[Result "1-0"]
[WhiteElo "2490"]
[BlackElo "2299"]

1.d4 Nf6 2.c4 e6 3.Nf3 b6 4.g3 Ba6 5.Qb3 Nc6 6.Nbd2 Bb7 7.e3 Na5 8.Qc2 c5
9.dxc5 bxc5 10.Bg2 Be7 11.O-O O-O 12.b3 Qb6 13.Bb2 d6 14.Ng5 e5 15.Nge4 Ne8
16.Rad1 Nc7 17.Nc3 Bxg2 18.Kxg2 f5 19.f3 Nc6 20.Ndb1 f4 21.exf4 exf4 22.Qd2 Kh8
23.Ne4 Ne6 24.Nbc3 Ned4 25.Ne2 Nxe2 26.Qxe2 Rae8 27.Qd2 Qa6 28.Bc3 Nd4 29.Bxd4 cxd4
30.Rf2 Bd8 31.Qb4 d5 32.cxd5 Bb6 33.Qc4 Qa3 34.Rd3 Rc8 35.Qb5 h6 36.d6 Qc1
37.a4 Rfd8 38.b4 Rf8 39.a5 Bd8 40.Rxd4 fxg3 41.hxg3 Rc2 42.Rxc2 Qxc2+ 43.Rd2 Qc1
44.Qc5 Qe1 45.d7 Rg8 46.Qxa7 Bg5 47.Rd3 Qxb4 48.Nxg5  1-0

[Event "Maestro Open"]
[Site "Berdsk RUS"]
[Date "2008.07.13"]
[Round "6"]
[White "Puraev,A"]
[Black "Volontinas,I"]
[Result "0-1"]
[WhiteElo "2044"]
[BlackElo "2164"]

1.d4 Nf6 2.c4 e6 3.Nf3 b6 4.g3 Ba6 5.Qc2 c5 6.Bg2 Bb7 7.O-O Na6 8.e3 Be7
9.Qe2 O-O 10.b3 Rc8 11.Bb2 Rc7 12.Nbd2 Qa8 13.Nh4 cxd4 14.Bxd4 Nc5 15.Bxb7 Qxb7
16.Qf3 Nfe4 17.Nxe4 Nxe4 18.Qg4 Nf6 19.Qf3 d5 20.cxd5 Nxd5 21.Ng2 Rfc8 22.Be5 Rc2
23.Nf4 f6 24.Bd4 Qc6 25.Nxd5 Qxd5 26.Qxd5 exd5 27.a4 Bb4 28.Rfd1 Kf7 29.Rd3 Ke6
30.Rad1 Re2 31.Rf1 Rcc2 32.Rdd1 h5 33.Kg2 Kf5 34.Kf3 g5 35.h4 g4+ 36.Kg2 Ke6
37.Kg1 Bd2 38.Rb1 Bb4 39.Rbd1 Bd6 40.Kg2 Be5 41.Rd3 Bxd4 42.exd4 Kf5 43.b4 Ke4
44.Rdd1 Rb2 45.a5 Rxb4 46.axb6 axb6 47.Rb1 Rbb2 48.Rfe1 Kxd4 49.Rxe2 Rxb1
50.Re6 b5 51.Rxf6 b4  0-1

[Event "Kings Gambit A"]
[Site "Lipetsk RUS"]
[Date "2008.07.13"]
[Round "5"]
[White "Slugin,S"]
[Black "Grekh,A"]
[Result "1/2-1/2"]
[WhiteElo "2425"]
[BlackElo "2362"]

1.d4 Nf6 2.c4 e6 3.Nf3 b6 4.g3 Ba6 5.Qc2 Bb7 6.Bg2 c5 7.d5 exd5 8.cxd5 Nxd5
9.O-O Be7 10.Rd1 Qc8 11.a3 Nf6 12.Nc3 d5 13.Bg5 d4 14.Bxf6 Bxf6 15.Nb5 Qd7
16.Nfxd4 Bxg2 17.Ne6 Qc6 18.Nd6+ Ke7 19.Nf4 Rd8 20.Nf5+ Kf8 21.Rxd8+ Bxd8
22.Nxg2 g6 23.Rd1 Bc7 24.Qc3 f6 25.Nd6 Nd7 26.Nc4 Ne5 27.Nf4 Nf7 28.Nd5 Rd8
29.e4 Kg7 30.Re1 Bb8 31.f4 Qe6 32.Nce3 Nh6 33.a4 Rf8 34.Nc4 Kg8 35.b3 Ng4
36.Qf3 h5 37.Kg2 Rd8 38.h3 Nh6 39.Nce3 f5 40.e5 Nf7 41.Nf6+ Kg7 42.Ned5 Nd6
43.Rd1 Nf7 44.Ne3 Rd4 45.Rxd4 cxd4 46.Qd5 Qxd5+ 47.Nexd5 Nxe5 48.fxe5 Bxe5
49.Nd7 Bd6 50.Nf4 Kf7 51.Kf3 Ke7 52.Nxb6 axb6 53.Nd5+ Kd7 54.Nxb6+ Kc6 55.Nc4 Bc7
56.Nb2 g5 57.Nd3 Bd6 58.b4 Kd5 59.b5 Kc4 60.Ke2 Bxg3 61.b6 h4 62.b7 Bb8 63.Nf2 Kb4
64.Kd3 Ba7 65.Ke2 Kxa4 66.Nd3 g4 67.Ne5 gxh3 68.Nc6 h2 69.Nxa7 h1=Q 70.b8=Q Qe4+
71.Kd2 Qe3+ 72.Kd1 Qb3+ 73.Qxb3+ Kxb3 74.Nb5 d3 75.Kd2 h3 76.Nd4+ Kc4 77.Nf3 f4
78.Nh2 Kd4 79.Nf3+ Ke4 80.Ng5+  1/2-1/2

[Event "Inautomarket Open"]
[Site "Minsk BLR"]
[Date "2008.07.13"]
[Round "4"]
[White "Yevseev,D"]
[Black "Ulko,J"]
[Result "1-0"]
[WhiteElo "2510"]
[BlackElo "2470"]

1.d4 Nf6 2.Nf3 e6 3.c4 b6 4.g3 Ba6 5.b3 Bb4+ 6.Bd2 Be7 7.Bg2 c6 8.O-O d5
9.Qc2 Nbd7 10.Rd1 Rc8 11.Bf4 O-O 12.Nc3 Nh5 13.Bc1 f5 14.a4 Bd6 15.a5 b5
16.c5 Bc7 17.Na2 b4 18.Nxb4 Bb5 19.Nd3 f4 20.Nde5 Qe7 21.Nxd7 Qxd7 22.e4 dxe4
23.Qxe4 Nf6 24.Qc2 Qf7 25.Re1 fxg3 26.fxg3 Qh5 27.Ne5 Rcd8 28.Bb2 Nd5 29.Nc4 Rf6
30.Qe2 Qg5 31.Rf1 Rdf8 32.Rxf6 Rxf6 33.Rf1 Rxf1+ 34.Bxf1 Qf5 35.Qd3 Qf6 36.Qe4 Qh6
37.Qe1 Kf7 38.Bd3 Ke7 39.Bc1 Qf6 40.Qe4 h6 41.Bd2 a6 42.Nb6 Bxd3  1-0

[Event "XIII Open"]
[Site "Balaguer ESP"]
[Date "2008.07.15"]
[Round "2"]
[White "Corrales Jimenez,F"]
[Black "Tsatsalashvili,K"]
[Result "1-0"]
[WhiteElo "2504"]
[BlackElo "2271"]

1.d4 Nf6 2.c4 e6 3.Nf3 b6 4.g3 Ba6 5.Nbd2 c5 6.Bg2 Nc6 7.dxc5 bxc5 8.e4 e5
9.O-O d6 10.a3 Bb7 11.b4 Nd7 12.b5 Nd4 13.Nxd4 cxd4 14.Nb3 Rc8 15.Qe2 Qc7
16.Nd2 Be7 17.a4 Nc5 18.a5 Rb8 19.h4 Bc8 20.Ba3 Be6 21.f4 f6 22.Kh2 h5 23.Bh3 Bxh3
24.Kxh3 g5 25.Bxc5 g4+ 26.Kg2 dxc5 27.fxe5 fxe5 28.Rf5 Qd6 29.Raf1 Qe6 30.Nb3 Kd7
31.a6 Rb6 32.Na5 Kc7 33.Qd3  1-0

[Event "19th Czech Infinity Open"]
[Site "Pardubice CZE"]
[Date "2008.07.15"]
[Round "6"]
[White "Kozlov,Ge"]
[Black "Gergel,V"]
[Result "0-1"]
[WhiteElo "2258"]
[BlackElo "2311"]

1.d4 Nf6 2.c4 e6 3.Nf3 b6 4.g3 Ba6 5.b3 Bb4+ 6.Bd2 Be7 7.Bg2 c6 8.O-O d5
9.Ne5 Nfd7 10.Nxd7 Nxd7 11.Re1 f5 12.g4 Nf6 13.gxf5 exf5 14.Nc3 Rc8 15.Bh3 g6
16.Bh6 Kf7 17.Rc1 Re8 18.f3 Ng8 19.Bf4 Ba3 20.Kg2 Bxc1 21.Bxc1 Rc7 22.e4 fxe4
23.fxe4 dxc4 24.Bf4 Rce7 25.Bg5 cxb3 26.e5 Kg7 27.axb3 h6 28.Bxe7 Qxe7 29.Kh1 Qh4
30.Bg2 Ne7 31.Re4 Qf2 32.d5 cxd5 33.Ra4 d4 34.Ne4 Qe2 35.Qxd4 Rd8 36.Nd6 Qe1+
37.Qg1 Qxe5 38.Rxa6 Rxd6 39.Rxa7 Kf6 40.Ra1 Nf5 41.Re1 Qc3 42.Rd1 Re6 43.Bd5 Rd6
44.Bg2 Qxb3 45.Rxd6+ Nxd6 46.Qd4+ Ke7 47.Bd5 Qb1+ 48.Kg2 Qc2+ 49.Kh1 Qf5
50.Qe3+ Kf6 51.Bf3 h5 52.Qd4+ Ke6 53.Qe3+ Kf6 54.Qd4+ Ke7 55.Qe3+ Kd7 56.Qc3 b5
57.Kg2 Qg5+ 58.Kh1 Qf4 59.Bc6+ Kd8 60.Qa5+ Ke7 61.Qe1+ Kf6 62.Qa1+ Kg5 63.Bg2 b4
64.Qd1 b3 65.h4+ Qxh4+ 66.Kg1 Qb4 67.Qc1+ Kf6 68.Qb2+ Ke6 69.Bh3+ Nf5 70.Qe2+ Kf6
71.Bxf5 gxf5 72.Qb2+ Kg6 73.Qe5 Qg4+ 74.Kf2 Qh4+ 75.Kg1 Qc4 76.Qd6+ Kg5 77.Qe7+ Kg4
78.Qg7+ Kf4 79.Qh6+ Ke4 80.Qxh5 Qc1+ 81.Kg2 Qd2+ 82.Kg1 b2 83.Qh1+ Ke3 84.Qh6+ Ke2
85.Qa6+ Qd3 86.Qa2 Qc2 87.Qe6+ Qe4 88.Qa2 Qd4+ 89.Kh1 Kf2  0-1

[Event "Inautomarket Open"]
[Site "Minsk BLR"]
[Date "2008.07.16"]
[Round "7"]
[White "Pankov,Ger"]
[Black "Tunik,G"]
[Result "1/2-1/2"]
[WhiteElo "2358"]
[BlackElo "2490"]

1.d4 Nf6 2.Nf3 e6 3.c4 b6 4.g3 Ba6 5.b3 Bb7 6.Bg2 Bb4+ 7.Bd2 a5 8.O-O O-O
9.Qc2 Re8 10.Nc3 d6 11.a3 Bxc3 12.Bxc3 Be4 13.Qb2 Nbd7 14.Nd2 Bxg2 15.Kxg2 Qb8
16.Qc2 e5 17.d5 e4 18.Bd4 Qb7 19.f3 exf3+ 20.exf3 c6 21.dxc6 Qxc6 22.Rae1 Re6
23.Ne4 Nxe4 24.Rxe4 Rae8 25.Rfe1 Nf8 26.Rxe6 Nxe6 27.Bf2 d5 28.Qd3 dxc4 29.Qxc4 Qd6
30.Qb5 Rb8 31.Qe5 Qf8 32.a4 h6 33.Rd1 Rd8 34.Rxd8 Qxd8 35.Qb5 Nc5 36.Bxc5 bxc5
37.Qxc5 Qd2+ 38.Qf2 Qc3 39.Qb6  1/2-1/2

[Event "Inautomarket Open"]
[Site "Minsk BLR"]
[Date "2008.07.17"]
[Round "8"]
[White "Tunik,G"]
[Black "Smirnov,Va"]
[Result "1/2-1/2"]
[WhiteElo "2490"]
[BlackElo "2365"]

1.d4 Nf6 2.c4 e6 3.Nf3 b6 4.g3 Ba6 5.Qb3 Be7 6.Bg2 O-O 7.O-O Bb7 8.Bg5 Na6
9.Nc3 d6 10.Rad1 c5 11.Qc2 Qc8 12.Qb1 Rd8 13.d5 Nc7 14.e4 h6 15.Bc1 exd5
16.exd5 b5 17.Nh4 bxc4 18.Nf5 Bf8 19.h3 Re8 20.g4 Qd7 21.Bf4 Rab8 22.Qc2 Ba8
23.Rd2 Nb5 24.Nxb5 Rxb5 25.Ne3 Rbb8 26.Nxc4 Bb7 27.b3 Ba6 28.Rc1 Bxc4 29.bxc4 Rb6
30.Rb1 Reb8 31.Rb3 Rxb3 32.axb3 g6 33.Re2 Rb6 34.Re3 Ra6 35.Bf1 Rb6 36.Kg2 Bg7
37.Bg3 Qd8 38.Be2 Rb7 39.Bd1 Re7 40.Qe2 Kf8 41.Bc2 Rxe3 42.Qxe3 Ne8 43.h4 Qe7
44.Qxe7+ Kxe7 45.f4 Bc3 46.Kf3 Ng7 47.g5 hxg5 48.fxg5 Ne8 49.Ke4 Nc7 50.Kd3 Ba5
51.Bd1 Na6 52.h5 gxh5 53.Bxh5 Nb8 54.Bh4 Kf8 55.Bg4 Bd8 56.Bg3 Ke7 57.Bf4 Nd7
58.Ke4 Bc7 59.Kf5 Ne5 60.Be2 Ng6 61.Bc1 Ne5 62.Ke4 Kd7 63.Bf1 Ke7 64.Bh3 f6
65.Bf1 fxg5 66.Bxg5+ Kd7 67.Be2  1/2-1/2

[Event "Inautomarket Open"]
[Site "Minsk BLR"]
[Date "2008.07.18"]
[Round "9"]
[White "Ulko,J"]
[Black "Dydyshko,V"]
[Result "0-1"]
[WhiteElo "2470"]
[BlackElo "2583"]

1.d4 Nf6 2.c4 e6 3.Nf3 b6 4.g3 Ba6 5.b3 Bb4+ 6.Bd2 Be7 7.Bg2 c6 8.Qc2 d5
9.O-O Nbd7 10.Rd1 Rc8 11.Bf4 O-O 12.Nc3 Nh5 13.Bc1 f5 14.a4 Nhf6 15.Ng5 Qe8
16.Nxe6 Rf7 17.Ng5 Rf8 18.Qxf5 h6 19.Qe6+ Kh8 20.Nf3 Bb4 21.Qxe8 Rcxe8 22.Na2 Bd6
23.Nh4 Rf7 24.Nf5 Bf8 25.Ne3 dxc4 26.bxc4 c5 27.Bb2 cxd4 28.Bxd4 Nc5 29.Nb4 Bc8
30.Nbd5 Nfe4 31.Nf4 Kh7 32.Nd3 Nb3 33.Ne5 Nxf2 34.Nxf7 Nxd1 35.Rxd1 Nxd4
36.Rxd4 Bc5 37.Re4 Bxe3+ 38.Kf1 Rxe4 39.Bxe4+ Kg8 40.Nd6 Bh3+ 41.Bg2 Bd7
42.Nb5 a6 43.Nc7 a5 44.Nb5 Kf7 45.Bd5+ Kf6 46.Kg2 Ke5 47.Kf3 Bg1 48.e4 g5
49.Bf7 Bh3 50.Bg6 Be6 51.h4 g4+ 52.Kg2 Bc5 53.Bf5 Bxc4 54.Bxg4 Bb3 55.Nc3 Bd4
56.Bd1 Bxd1 57.Nxd1 Kxe4 58.Nf2+ Kd5 59.Nd3 Kc4 60.Ne1 h5 61.g4 Kb3 62.gxh5 Kxa4  0-1

[Event "XIII Open"]
[Site "Balaguer ESP"]
[Date "2008.07.19"]
[Round "6"]
[White "Djingarova,E"]
[Black "Roeder,M"]
[Result "1/2-1/2"]
[WhiteElo "2305"]
[BlackElo "2451"]

1.d4 Nf6 2.c4 e6 3.Nf3 b6 4.g3 Ba6 5.Qc2 Bb4+ 6.Nbd2 Bb7 7.Bg2 Be4 8.Qa4 Bxd2+
9.Bxd2 O-O 10.O-O d6 11.Rfd1 Nbd7 12.Rac1 h6 13.b4 Qb8 14.Bc3 Qb7 15.Ne1 Bxg2
16.Nxg2 a6  1/2-1/2

[Event "ZMD Open"]
[Site "Dresden GER"]
[Date "2008.07.21"]
[Round "3"]
[White "Colpe,M"]
[Black "Hertneck,G"]
[Result "0-1"]
[WhiteElo "2105"]
[BlackElo "2519"]

1.d4 Nf6 2.Nf3 e6 3.c4 b6 4.g3 Ba6 5.Qa4 Bb7 6.Bg2 Be7 7.O-O O-O 8.Nc3 Ne4
9.Qc2 Nxc3 10.Qxc3 Be4 11.b4 Nc6 12.a3 Bf6 13.e3 Ne7 14.Bb2 Qc8 15.Qd2 Qb7
16.Ne1 Bxg2 17.Nxg2 a5 18.f3 axb4 19.axb4 Rxa1 20.Bxa1 d5 21.c5 Ra8 22.Nf4 bxc5
23.bxc5 Nc6 24.Bc3 Ra3 25.Qc2 Qa6 26.Rb1 Qc4 27.Ne2 g6 28.f4 Rxc3 29.Nxc3 Nxd4
30.exd4 Bxd4+ 31.Kg2 Bxc3 32.Rc1 d4 33.Qe4 Qxc5 34.Rb1 Kg7 35.Qd3 Qd5+ 36.Kf2 e5
37.Rb5 h5 38.h4 Kf6 39.Qc2 Qc4 40.Rb3 Be1+  0-1

[Event "Ch-AY Boys U16"]
[Site "Tehran IRI"]
[Date "2008.07.21"]
[Round "9"]
[White "Salem,AR"]
[Black "Nguyen Van Thanh"]
[Result "1/2-1/2"]
[WhiteElo "2443"]
[BlackElo "2194"]

1.d4 Nf6 2.c4 e6 3.Nf3 b6 4.g3 Ba6 5.Qc2 Bb4+ 6.Nbd2 Bb7 7.Bg2 O-O 8.O-O Bxd2
9.Bxd2 Be4 10.Qc1 Qe7 11.b4 d6 12.Qb2 Rd8 13.Rfd1 Nbd7 14.Rac1 c5 15.a3 Rac8
16.Bf1 h6 17.Ne1 Bb7 18.f3 cxd4 19.Qxd4 e5 20.Qf2 e4 21.Bh3 Rc7 22.Bf4 Nf8
23.Nc2 Ne6 24.Be3 Rxc4 25.Nd4 Rxc1 26.Rxc1 Nxd4 27.Bxd4 exf3 28.exf3 Re8
29.b5 Nd5 30.Bg4 h5 31.Bh3 Qg5 32.Re1 Rxe1+ 33.Qxe1 Nf4 34.Qe8+ Kh7 35.Bf1 Qd5
36.Qe3 Ne6 37.Bc3 Qxf3 38.Qxf3 Bxf3 39.Kf2 Bd1 40.Bc4 Ba4 41.Bb4 d5 42.Bd3+ g6
43.Ke3 Nc7 44.Kd4 Nxb5+ 45.Kxd5 Kh6 46.Bf8+ Kg5 47.Ke5 a6 48.h3 f6+ 49.Kd5 Nc7+
50.Kd6 Nb5+ 51.Ke7 h4 52.gxh4+  1/2-1/2

[Event "1st Open"]
[Site "Paleochora GRE"]
[Date "2008.07.22"]
[Round "3"]
[White "Parligras,M"]
[Black "Prathamesh,S"]
[Result "0-1"]
[WhiteElo "2588"]
[BlackElo "2358"]

1.d4 Nf6 2.c4 e6 3.Nf3 b6 4.g3 Ba6 5.Qc2 Bb4+ 6.Bd2 Be7 7.e4 d5 8.cxd5 Bxf1
9.Kxf1 exd5 10.e5 Ne4 11.Nc3 Nxd2+ 12.Nxd2 O-O 13.f4 Qd7 14.Nf3 c5 15.Kg2 Nc6
16.Rad1 Nb4 17.Qe2 c4 18.a3 Na6 19.f5 b5 20.g4 f6 21.e6 Qb7 22.Ne1 Nc7 23.Nc2 a5
24.Qf3 b4 25.Ne2 bxa3 26.bxa3 Qb2 27.Ne3 Rfb8 28.a4 Rb3 29.Kf2 Rab8 30.Rb1 Qa3
31.Ra1 Qd6 32.h4 Rb2 33.g5 R8b3 34.Rag1 Rxe2+ 35.Kxe2 Rb2+ 36.Kf1 Qa3 37.Rg3 Qa1+
38.Nd1 Rd2 39.gxf6 Bxf6 40.Ke1 c3 41.Qh5 Kh8 42.Rxc3 Rxd1+ 43.Qxd1 Qxc3+
44.Qd2 Qf3 45.Rh2 Qxf5 46.Qxa5 Qb1+ 47.Ke2 Qc2+ 48.Qd2 Qxa4 49.Qf4 Qb5+  0-1

[Event "19th Czech Chladek & Tintera A Open"]
[Site "Pardubice CZE"]
[Date "2008.07.23"]
[Round "6"]
[White "Cifka,S"]
[Black "Cvek,R"]
[Result "1/2-1/2"]
[WhiteElo "2439"]
[BlackElo "2532"]

1.d4 Nf6 2.c4 e6 3.Nf3 b6 4.g3 Ba6 5.Qc2 Bb7 6.Bg2 Bb4+ 7.Nc3 O-O 8.O-O a5
9.b3 Bxc3 10.Qxc3 d6 11.Bb2 Nbd7 12.Rad1 Re8 13.Ne1 Bxg2 14.Nxg2 d5 15.Nf4 c6
16.cxd5 cxd5 17.Rc1 a4 18.Qb4 axb3 19.axb3 Ra2 20.Nd3 Qa8 21.Rc7 Ra7 22.Rxa7 Qxa7
23.Rc1 Qb8 24.Rc6 Rc8 25.Qc3 Rxc6 26.Qxc6 h5 27.f3 Qa7 28.Kf2 g6 29.h4 Qa2
30.Qc2 Kg7  1/2-1/2

[Event "XXVI Andorra Open"]
[Site "La Massana AND"]
[Date "2008.07.24"]
[Round "6"]
[White "Raznikov,D"]
[Black "Lafuente,P"]
[Result "0-1"]
[WhiteElo "2153"]
[BlackElo "2505"]

1.d4 Nf6 2.c4 e6 3.Nf3 b6 4.g3 Ba6 5.Qc2 Bb4+ 6.Bd2 Be7 7.e4 d5 8.cxd5 Bxf1
9.Kxf1 exd5 10.e5 Ne4 11.Nc3 Nxc3 12.Bxc3 Qd7 13.Kg2 Nc6 14.Bd2 Nd8 15.h4 h6
16.Be3 Ne6 17.h5 c5 18.Rhd1 O-O 19.Rac1 Rac8 20.Qd2 Rfd8 21.Qe2 Qb7 22.Kg1 Qb8
23.Kg2 cxd4 24.Bxd4 Bc5 25.Qe3 Qb7 26.Kg1 Qa6 27.a3 Qa4 28.b4 Be7 29.Bb2 Bg5
30.Nxg5 hxg5 31.f4 Rxc1 32.Rxc1 d4 33.Qd2 Qb3 34.Kf2 gxf4 35.gxf4 Qh3 36.Rd1 Qh4+
37.Kf3 Qxh5+ 38.Ke4 Qg4 39.Rf1 Ng5+ 40.Kd3 Qh3+  0-1

[Event "19th Czech Chladek & Tintera A Open"]
[Site "Pardubice CZE"]
[Date "2008.07.24"]
[Round "7"]
[White "Beinoras,M"]
[Black "Schlosser,P"]
[Result "0-1"]
[WhiteElo "2426"]
[BlackElo "2567"]

1.d4 Nf6 2.c4 e6 3.Nf3 b6 4.g3 Ba6 5.Qa4 Bb7 6.Bg2 c5 7.dxc5 bxc5 8.O-O Be7
9.Nc3 O-O 10.Rd1 d6 11.Bf4 a6 12.a3 Qc7 13.Rac1 Nbd7 14.Qc2 Rab8 15.Rb1 h6
16.h3 Rfd8 17.b3 Nf8 18.g4 Bc6 19.Ne1 Rb7 20.Rd3 Bxg2 21.Nxg2 Qc6 22.Rbd1 Rbd7
23.Ne3 Ng6 24.Bg3 Ne4 25.Nxe4 Qxe4 26.Rc3 Qc6 27.b4 Bf6 28.Rb3 Bd4 29.Ng2 Be5
30.Bxe5 Nxe5 31.f4 Ng6 32.b5 axb5 33.Rxb5 d5 34.a4 d4 35.a5 Ra7 36.Rd3 Qc7
37.Qd2 e5 38.f5 e4 39.Rdb3 e3 40.Qe1 Ne5 41.f6 gxf6 42.Nh4 Nxc4 43.Nf5 Nd6
44.Nxh6+ Kg7 45.Qh4 Rh8 46.g5 Nxb5 47.Nf5+ Kg6 48.Qxh8 fxg5 49.Rxb5 Kxf5
50.Qh7+ Ke5 51.Qh8+ Kd5 52.Kg2 Kc4 53.Rb1 Rxa5 54.Qh7 Qc6+ 55.Kg1 Qg6 56.Rc1+ Kb3
57.Qh8 Qd6 58.Kh1 Kb2 59.Rf1 Ra1 60.Rxa1 Kxa1 61.Qa8+ Kb2 62.Qb7+ Kc1  0-1

[Event "19th Czech Chladek & Tintera A Open"]
[Site "Pardubice CZE"]
[Date "2008.07.25"]
[Round "8"]
[White "Kantorik,M"]
[Black "Ohme,M"]
[Result "1/2-1/2"]
[WhiteElo "2341"]
[BlackElo "2245"]

1.d4 Nf6 2.c4 e6 3.Nf3 b6 4.g3 Ba6 5.Qc2 Bb7 6.Bg2 d5 7.Ne5 c6 8.O-O Nfd7
9.Nxd7 Nxd7 10.cxd5 cxd5 11.Nc3 Rc8 12.Qb3 Be7 13.Bf4 a6 14.a4 O-O 15.Rac1 Nf6
16.Rfd1 Bc6 17.Be5 b5 18.axb5 axb5 19.Bxf6 Bxf6 20.e3 Be7 21.Bf1 b4 22.Na4 Bxa4
23.Qxa4 Qd6 24.Ba6 Rc7 25.Rxc7 Qxc7  1/2-1/2

[Event "Stara Pazova"]
[Site "Stara Pazova SRB"]
[Date "2008.07.25"]
[Round "4"]
[White "Popov,L"]
[Black "Roganovic,Milo"]
[Result "1/2-1/2"]
[WhiteElo "2300"]
[BlackElo "2393"]

1.d4 Nf6 2.c4 e6 3.Nf3 b6 4.g3 Ba6 5.Qa4 Bb7 6.Bg2 c5 7.O-O cxd4 8.Nxd4 Bxg2
9.Kxg2 Be7 10.Nc3 O-O 11.e4 d6 12.f3 a6 13.Be3 Qc7 14.Rac1 Rc8 15.Qd1 Nbd7
16.b3 Qb7 17.Qd2 Bf8 18.Rfd1 h6 19.Bf2 Ne5 20.Re1 Re8 21.h3 d5 22.cxd5 exd5
23.Nxd5 Nxd5 24.exd5 Qxd5 25.Rcd1 Rad8 26.Qf4 Qa5 27.Qf5 g6 28.Qc2 Rc8 29.Qb1 Re6  1/2-1/2

[Event "Sun Pawn B"]
[Site "Illichevsk UKR"]
[Date "2008.07.26"]
[Round "7"]
[White "Bogdanovich,S"]
[Black "Agafii,V"]
[Result "1-0"]
[WhiteElo "2299"]
[BlackElo "2306"]

1.d4 Nf6 2.c4 e6 3.Nf3 b6 4.g3 Ba6 5.Qb3 d5 6.cxd5 Qxd5 7.Qc2 Nc6 8.Nc3 Bb4
9.Bd2 Bxc3 10.Bxc3 Bb7 11.Bg2 O-O 12.O-O Rab8 13.Rfe1 a5 14.e4 Qc4 15.a3 Ne7
16.Ne5 Qb5 17.b4 axb4 18.Bxb4 c5 19.dxc5 Rfc8 20.Nc4 bxc5 21.Bd2 Qa6 22.Bf4 Ra8
23.Nd6 Rc6 24.Bf1 Qa7 25.Bb5 Ba6 26.Bxc6 Nxc6 27.Rec1 Nd4 28.Qxc5 Qxc5 29.Rxc5 Nb3
30.Rac1 Nxc1 31.Bxc1 Bd3 32.f3 h6 33.Kf2 g5 34.h4 gxh4 35.gxh4 Ra6 36.e5 Nd7
37.Rc8+ Kg7 38.Rc7 Nb6 39.Rxf7+ Kg8 40.Bxh6 Nd5 41.Rg7+ Kf8 42.Ra7+ Kg8 43.Rg7+ Kf8
44.h5 Rb6 45.Rf7+ Kg8 46.Rg7+ Kf8 47.Rg1+ Ke7 48.Nc8+  1-0

[Event "19th Czech Jihlavanka B Open"]
[Site "Pardubice CZE"]
[Date "2008.07.26"]
[Round "9"]
[White "Korsus,B"]
[Black "Coenen,M"]
[Result "0-1"]
[WhiteElo "2263"]
[BlackElo "2176"]

1.d4 Nf6 2.c4 e6 3.Nf3 b6 4.g3 Ba6 5.Qa4 Bb7 6.Bg2 c5 7.O-O Be7 8.Nc3 cxd4
9.Nxd4 Bxg2 10.Kxg2 O-O 11.e4 d6 12.Qc2 Qc8 13.b3 Nc6 14.Rd1 a6 15.Ba3 b5
16.cxb5 Nxd4 17.Rxd4 axb5 18.Bb4 Qc6 19.Qe2 Rab8 20.Qf3 Rfd8 21.Rad1 Ne8
22.e5 Qc7 23.Qd3 Qc6+ 24.Qf3 Qc7 25.exd6 Bxd6 26.Qd3 Qc6+ 27.Kg1 Bc7 28.Nxb5 Rxd4
29.Nxd4 Qa8 30.Nb5 h5 31.a4 h4 32.Qc4 h3 33.Qf1 Bb6 34.Be1 Qf3 35.Rd3 Qe4
36.Nc3 Qf5 37.Qe2 Nf6 38.Rf3 Qg6 39.b4 e5 40.a5 Bd4 41.b5 e4 42.Re3 Bxe3
43.Qxe3 Ng4 44.Qf4 Re8 45.b6 e3 46.Ne4 exf2+ 47.Bxf2 Rxe4 48.b7 Rxf4 49.b8=Q+ Kh7
50.gxf4 Qe4  0-1

[Event "Stara Pazova"]
[Site "Stara Pazova SRB"]
[Date "2008.07.28"]
[Round "8"]
[White "Abramovic,B"]
[Black "Tosic,M"]
[Result "1/2-1/2"]
[WhiteElo "2488"]
[BlackElo "2422"]

1.d4 Nf6 2.Nf3 e6 3.c4 b6 4.g3 Ba6 5.b3 Bb4+ 6.Bd2 Be7 7.Bg2 c6 8.Nc3 d5
9.Ne5 O-O 10.O-O Nbd7  1/2-1/2

[Event "13th Open"]
[Site "Creon FRA"]
[Date "2008.07.29"]
[Round "3"]
[White "Passager,JP"]
[Black "Drenchev,P"]
[Result "1/2-1/2"]
[WhiteElo "2235"]
[BlackElo "2450"]

1.d4 Nf6 2.c4 e6 3.Nf3 b6 4.g3 Ba6 5.b3 Bb4+ 6.Bd2 Be7 7.Bg2 O-O 8.Bc3 d5
9.Ne5 Ne4 10.cxd5 exd5 11.O-O Nxc3 12.Nxc3 Bb7 13.Rc1 Na6 14.e3 Bf6 15.Ng4 Be7
16.Qf3 c6 17.Ne5 Bf6 18.Ng4 Be7 19.Ne5 Ba3 20.Rcd1 Bd6 21.Nd3 Nb4 22.Nxb4 Bxb4
23.Rc1 Re8 24.Rfd1 Qe7 25.Ne2 Ba3 26.Rc2 a5 27.Nc3 Rad8 28.Na4 Qc7 29.Qf4 Bd6
30.Qf5 g6 31.Qd3 Bb4 32.Qb5 Qxg3 33.Qxb4 Qxg2+ 34.Kxg2 axb4 35.Nxb6 Rd6 36.Rc5 Ba6
37.Ra5 Bb5 38.Na4 Rdd8 39.a3 bxa3 40.Ra1 Ra8 41.Rxa8 Rxa8 42.Rxa3 Kf8 43.Ra2 Bd3
44.Rd2 Bf5 45.Kf3 Ke7 46.Ke2 Kd6 47.Ra2 g5 48.Kd2 g4 49.Nc3 Rb8 50.Ra3 h5
51.Ne2 h4 52.Kc3 Rg8 53.Ra7 Bd7 54.Nf4 g3 55.fxg3 hxg3 56.hxg3 Rxg3 57.Kd2 Rg1
58.Nd3 Rg2+ 59.Kc3 f6 60.Nc5 Be8 61.Rh7 Re2 62.Kd3 Rg2 63.Nb7+ Ke6 64.Nd8+ Kd6
65.Nb7+ Ke6 66.Nd8+ Kd6  1/2-1/2

[Event "TIPC GM"]
[Site "Charleroi BEL"]
[Date "2008.07.30"]
[Round "6"]
[White "Kraemer,Mart"]
[Black "Dgebuadze,A"]
[Result "0-1"]
[WhiteElo "2456"]
[BlackElo "2562"]

1.d4 Nf6 2.c4 e6 3.Nf3 b6 4.g3 Ba6 5.Qa4 Bb7 6.Bg2 c5 7.dxc5 bxc5 8.O-O Be7
9.Nc3 O-O 10.Rd1 Qb6 11.Bf4 d6 12.Rd2 Rd8 13.Rad1 Na6 14.a3 Nc7 15.Qc2 Qa6
16.e4 e5 17.Bg5 Ne6 18.Bxf6 Bxf6 19.Nd5 Bxd5 20.cxd5 Nd4 21.Nxd4 exd4 22.Bf1 Qa5
23.Bc4 Rab8 24.Qd3 Re8 25.Re2 Re7 26.Kg2 Reb7 27.Rdd2 Qa4 28.f4 g6 29.Rc2 Bg7
30.h4 Qd7 31.Rf2 a5 32.Rce2 a4 33.e5 Qg4 34.Qf3 Qxf3+ 35.Kxf3 d3 36.Re3 dxe5
37.fxe5 d2 38.Rd3 Bh6 39.d6 Rb3 40.Bxb3 Rxb3 41.Rxd2 Bxd2 42.Ke2 Rxd3 43.Kxd3 Be1
44.d7 Ba5 45.Kc4 Kf8 46.Kb5 Bc7 47.d8=Q+ Bxd8 48.Kxa4 Bc7 49.Kb5 Bxe5 50.b3 Ke7  0-1

[Event "GM Valoz Cup"]
[Site "Olomouc CZE"]
[Date "2008.07.30"]
[Round "1"]
[White "Grandelius,N"]
[Black "Stefansson,H"]
[Result "1-0"]
[WhiteElo "2366"]
[BlackElo "2566"]

1.d4 Nf6 2.c4 e6 3.Nf3 b6 4.g3 Ba6 5.Qc2 Bb4+ 6.Bd2 Be7 7.Bg2 d5 8.b3 O-O
9.O-O Bb7 10.Nc3 Na6 11.Rfd1 h6 12.Bf4 Qc8 13.Ne5 c5 14.cxd5 exd5 15.dxc5 bxc5
16.Rac1 Qe6 17.Nd3 Ne4 18.Nxe4 dxe4 19.Nb2 Nb4 20.Qb1 Rac8 21.Nc4 Rcd8 22.Bc7 Rxd1+
23.Rxd1 Bd5 24.Ba5 f5 25.e3 Bxc4 26.bxc4 Nc6 27.Qb5 Rb8 28.Qa4 Bf6 29.Bc7 Rb4
30.Qa6 Nd4 31.Qxa7 Ne2+ 32.Kh1 Qxc4 33.Bh3 g6 34.Be5 Qf7 35.Qa8+ Kg7 36.Bxf6+ Kxf6
37.Qd8+ Qe7 38.Rd6+ Kf7 39.Rd7 Rb1+ 40.Bf1 Rxf1+ 41.Kg2 Rg1+ 42.Kh3 Qxd7
43.Qxd7+ Kf6 44.Qc6+ Kf7 45.Qb7+ Kf8 46.Qb8+ Ke7 47.Qa7+ Ke8 48.Qg7 Rc1 49.Qxg6+ Kd8
50.Qxf5 Ng1+ 51.Kg2 Nf3 52.Qxe4 Ne1+ 53.Kh3 c4 54.Qd5+ Kc7 55.Qc5+ Kd7 56.e4 c3
57.Qe3  1-0